Vplyv transformačného procesu ekonomických systémov štátov strednej Európy na zmeny v oblasti vonkajších ekonomických vzťahov

Transformačný proces v krajinách SVE a jeho charakteristika. Cieľ transformácie - trhové hospodárstvo. Zmeny vonkajších ekonomických vzťahov v týchto krajinách. Základné charakteristiky zahraničného obchodu krajín strednej a východnej Európy. Stredoeurópska dohoda o zóne voľného obchodu - CEFTA a je...

Ausführliche Beschreibung

Gespeichert in:
Bibliographische Detailangaben
1. Verfasser: Zorkóciová, Otília, 1954-
Format: Buchkapitel
Sprache:Slowakisch
Schlagworte:
Tags: Tag hinzufügen
Keine Tags, Fügen Sie das erste Tag hinzu!

MARC

LEADER 00000naa a2200000 4500
001 r035720
005 20230918075922.3
041 0 |a slo 
044 |a SK 
245 1 0 |a Vplyv transformačného procesu ekonomických systémov štátov strednej Európy na zmeny v oblasti vonkajších ekonomických vzťahov  |c Otília Zorkóciová 
520 |a Transformačný proces v krajinách SVE a jeho charakteristika. Cieľ transformácie - trhové hospodárstvo. Zmeny vonkajších ekonomických vzťahov v týchto krajinách. Základné charakteristiky zahraničného obchodu krajín strednej a východnej Európy. Stredoeurópska dohoda o zóne voľného obchodu - CEFTA a jej fungovanie. 
610 2 0 |a vzťahy hospodárske vonkajšie 
610 2 0 |a transformácia 
610 2 0 |a SVE 
610 2 0 |a politika hospodárska 
610 2 0 |a CEFTA 
610 2 0 |a hospodárstvo trhové 
610 2 0 |a oblasti obchodu voľného 
610 2 0 |a obchod zahraničný 
100 1 |a Zorkóciová, Otília, 1954-